Hoàn thiện công tác quản trị đội ngũ bán hàng kênh truyền thống tại chi nhánh Công ty Cổ phần Sữa Việt Nam tại Cần Thơ : Luận văn tốt nghiệp Cao học. Chuyên ngành Quản trị kinh doanh

Đề tài nhằm mục tiêu đánh giá hiệu quảkỹ thuật và lựa chọn kỹ thuật xuống giống trong sản xuất lúa ở huyện Mỹ Tú, tỉnh Sóc Trăng, từ đó đề ra giải pháp nâng cao hiệu quả của việc áp dụng các kỹ thuật xuống giống vào sản xuất lúa....

ver descrição completa

Na minha lista:
Detalhes bibliográficos
Autor principal: Nguyễn, Thị Thanh Hương
Formato: Livro
Idioma:Undetermined
Publicado em: Cần Thơ Trường Đại Học Cần Thơ 2019
Assuntos:
Tags: Adicionar Tag
Sem tags, seja o primeiro a adicionar uma tag!
Thư viện lưu trữ: Trung tâm Học liệu Trường Đại học Cần Thơ
LEADER 01288nam a2200205Ia 4500
001 CTU_231444
008 210402s9999 xx 000 0 und d
082 |a 658.3044 
082 |b H561 
088 |a 8340101 
100 |a Nguyễn, Thị Thanh Hương 
245 0 |a Hoàn thiện công tác quản trị đội ngũ bán hàng kênh truyền thống tại chi nhánh Công ty Cổ phần Sữa Việt Nam tại Cần Thơ : 
245 0 |b Luận văn tốt nghiệp Cao học. Chuyên ngành Quản trị kinh doanh 
245 0 |c Nguyễn Thị Thanh Hương ; Phạm Lê Thông (Cán bộ hướng dẫn) 
260 |a Cần Thơ 
260 |b Trường Đại Học Cần Thơ 
260 |c 2019 
520 |a Đề tài nhằm mục tiêu đánh giá hiệu quảkỹ thuật và lựa chọn kỹ thuật xuống giống trong sản xuất lúa ở huyện Mỹ Tú, tỉnh Sóc Trăng, từ đó đề ra giải pháp nâng cao hiệu quả của việc áp dụng các kỹ thuật xuống giống vào sản xuất lúa. 
650 |a Quản lý nguồn nhân lực,Human resources management 
980 |a Trung tâm Học liệu Trường Đại học Cần Thơ